Statistics for Marvel Character Universe Character Quiz

Click here to take the quiz!

General Stats

  • This quiz has been taken 10 times
    (6 since last reset)
  • The average score is 55 of 104

Answer Stats

Alter EgoSuperhero% Correct
Steve RogersCaptain America
100%
Goes with GrootRocket Raccoon
83%
Bruce BannerHulk
83%
Titan PlanetGamora
83%
God of ThunderThor
83%
Sam WilsonFalcon
83%
Tony StarkIron Man
83%
Stephen StrangeDr. Strange
83%
Infinity StonesThanos
83%
God of MischeifLoki
83%
Wade WilsonDeadpool
83%
Peter QuillStar-Lord
83%
Clint BartonHawkeye
83%
Peter ParkerSpiderman
83%
Billy BatsonCaptain Marvel
83%
Reed RichardsMr Fantastic
83%
T'ChallaBlack Panther
83%
Wanda MaximoffScarlet Witch
83%
Pietro MaximoffQuicksilver
83%
Winter SoldierBucky
83%
Scott LangAntman
83%
Billy BatsonShazam!
83%
TreeGroot
83%
Natasha RomanoffBlack Widow
83%
Janet van DyneWasp
83%
James RhodesWar Machine
83%
Emil BlonAbomination
67%
Daughter of ThanosNebula
67%
Max EisenhardtMagneto
67%
Raven DarkholmeMystique
67%
Charles XavierProfessor X
67%
Wilson FiskKingpin
67%
PhoenixJean Grey
67%
Frank CastlePunisher
67%
Oruro MunroeStorm
67%
Johnny StormHuman Torch
67%
Lady S_fLady Sif
67%
Norman OsbornGreen Goblin
67%
SymbioteVenom
67%
ZemoBaron Zemo
67%
Fantastic 4Thing
67%
Scott SummersCyclops
67%
Matt MurdockDaredevil
67%
Henry McCoyBeast
67%
Victor Von DoomDr. Doom
67%
Otto OctaviusDr. Octopus
67%
AarkusVision
67%
Logan HowlettWolverine
67%
Elektra NatchiosElektra
67%
Anna Marie L'BeauRogue
67%
Adrian ToomesVulture
50%
AgnesAgatha Harkness
50%
Norin RaddSilver Surfer
50%
Johan SchmittRed Skull
50%
Victor CreedSabretooth
50%
Ivan VankoWhiplash
50%
Kitty PrydeShadowcat
50%
Alexander SummersHavok
50%
Quentin BeckMysterio
50%
Nathan SummersCable
50%
Red VenomCarnage
50%
the DestroyerDrax
50%
Cain MarkoJuggernaut
50%
Evil Person like ThanosUltron
50%
Daniel Rand-KaiIron Fist
50%
Susan RichardsInvisible Woman
50%
Robert DrakeIceman
50%
Remie L'BeauGambit
50%
Pepper PottsRescue
50%
Jennifer WaltersShe-Hulk
33%
BrunnhildeValkyrie
33%
Rick JonesA-Bomb
33%
Carl LucasLuke Cage
33%
MandarinAldrich Killian
33%
GalanGalactus
33%
Eric BrooksBlade
33%
Felicia HardyBlack Cat
33%
A GuardianMantis
33%
S.H.I.E.L.D ManNick Fury
33%
Elizabeth BraddockPsylocke
33%
Thunderbolt RossRed Hulk
33%
Brian BraddockCaptain Britain
33%
DemonMephisto
17%
Laura KinneyX23
17%
Tyrone JohnsonCloak
17%
Simon WilliamsWonder Man
17%
John FalsworthBaron Blood
17%
Joseph ParkAbyss
17%
Fred DukesBlob
17%
LesterBullseye
17%
Aleksei Mikhailovich SytsevichRhino
17%
Neena ThurmanDomino
17%
James FalsworthUnion Jack
17%
William BakerSandman
17%
Greer NelsonTigra
17%
Samuel SternsLeader
17%
Doreen GreenSquirrel Girl
17%
Jacqueline CrichtonSpitfire
17%
Karla SofenMoonstone
17%
Maxwell DillonElectro
17%
HaroldHappy Hogan
0%
Hank PymSuper Skrull
0%
Arnold BrockMandarin
0%
Kurt WagnerNightwalker
0%

Score Distribution

Percentile by Number Answered

Percent of People with Each Score

Your Score History

You have not taken this quiz since the last reset